| Tag |
First Indicator |
Second Indicator |
Subfields |
| LEADER |
00000cam a22000004a 4500 |
| 001 |
in00001752002 |
| 005 |
20151025052058.0 |
| 008 |
021129s2003 mdu b 000 0 eng |
| 010 |
|
|
|a 2002075677
|
| 020 |
|
|
|a 076182474X (cloth : alk. paper)
|
| 020 |
|
|
|a 0761824758 (pbk. : alk. paper)
|
| 035 |
|
|
|a (OCoLC)ocm51204901
|
| 040 |
|
|
|a DLC
|c DLC
|d UtOrBLW
|
| 041 |
1 |
|
|a eng
|h fre
|
| 042 |
|
|
|a pcc
|
| 049 |
|
|
|a TXAM
|
| 050 |
0 |
0 |
|a PQ2670.A594
|b E4513 2003
|
| 082 |
0 |
0 |
|a 842/.914
|2 21
|
| 100 |
1 |
|
|a Jaques, Brigitte.
|
| 240 |
1 |
0 |
|a Elvire, Jouvet 40.
|l English
|
| 245 |
1 |
0 |
|a Elvira /
|c Brigitte Jaques, Louis Jouvet. And, Don Juan / Molière ; translated with an introduction and notes by David Edney.
|
| 264 |
|
1 |
|a Lanham, Md. :
|b University Press of America,
|c [2003]
|
| 264 |
|
4 |
|c ©2003
|
| 300 |
|
|
|a vii, 133 pages ;
|c 23 cm.
|
| 336 |
|
|
|a text
|b txt
|2 rdacontent
|
| 337 |
|
|
|a unmediated
|b n
|2 rdamedia
|
| 338 |
|
|
|a volume
|b nc
|2 rdacarrier
|
| 500 |
|
|
|a "Two French plays."
|
| 504 |
|
|
|a Includes bibliographical references (pages [119]-133).
|
| 700 |
1 |
|
|a Jouvet, Louis.
|
| 700 |
1 |
|
|a Edney, David.
|
| 700 |
1 |
2 |
|a Molière,
|d 1622-1673.
|t Dom Juan.
|l English.
|
| 740 |
0 |
2 |
|a Don Juan.
|
| 945 |
|
|
|i PromptCat
|
| 948 |
|
|
|a cataloged
|b cmulkey
|c 2003/5/14
|d 11:19:05 am
|
| 994 |
|
|
|a 92
|b TXA
|
| 999 |
|
|
|a MARS
|
| 999 |
f |
f |
|s d945525a-d470-3f80-b345-26d5ee8aa138
|i f1ff7aa9-dbe9-3f25-9c04-e00789b1efdc
|t 0
|
| 952 |
f |
f |
|p ric
|a Texas A&M University
|b Rellis Campus
|c Joint Library Facility
|s JLF
|d Remote Storage
|t 0
|e PQ2670.A594 E4513 2003
|h Library of Congress classification
|i unmediated -- volume
|m A14830226154
|
| 998 |
f |
f |
|a PQ2670.A594 E4513 2003
|t 0
|l Remote Storage
|